Active MLB Career WAR Leaders - Statistics

General Stats
  • This quiz has been taken 191 times
    123 since last reset
  • The average score is 26 of 50
Answer Stats
Current Team Player WAR % Correct
Los Angeles Angels Mike Trout 79.8
100%
Los Angeles Dodgers Clayton Kershaw 74.2
98%
St. Louis Cardinals Albert Pujols 99.3
96%
Houston Astros Justin Verlander 75.1
95%
Detroit Tigers Miguel Cabrera 68.7
95%
Cincinnati Reds Joey Votto 64.7
92%
New York Mets Max Scherzer 69.2
89%
Kansas City Royals Zack Greinke 75.2
88%
Los Angeles Dodgers Mookie Betts 53.1
83%
Houston Astros Jose Altuve 44.2
82%
Los Angeles Dodgers Freddie Freeman 47.1
81%
St. Louis Cardinals Paul Goldschmidt 56
80%
St. Louis Cardinals Nolan Arenado 49.4
76%
New York Yankees Aaron Judge 31.5
74%
St. Louis Cardinals Adam Wainwright 46.6
71%
New York Yankees Giancarlo Stanton 45.2
68%
San Diego Padres Manny Machado 49.3
68%
Philadelphia Phillies Bryce Harper 42.7
65%
St. Louis Cardinals Yadier Molina 41.9
61%
San Francisco Giants Evan Longoria 57.7
58%
New York Yankees Anthony Rizzo 38.4
56%
Milwaukee Brewers Christian Yelich 34.9
56%
New York Yankees Gerrit Cole 33.5
56%
New York Mets Jacob deGrom 42.4
56%
Minnesota Twins Carlos Correa 36.4
54%
Los Angeles Dodgers Justin Turner 33.6
54%
New York Mets Francisco Lindor 33.9
52%
Boston Red Sox Chris Sale 45.6
51%
Arizona Diamondbacks Madison Bumgarner 39.9
48%
Cleveland Guardians Jose Ramirez 38.3
44%
Boston Red Sox Xander Bogaerts 32.4
43%
Los Angeles Angels Anthony Rendon 33
36%
Washington Nationals Nelson Cruz 42.6
36%
New York Yankees Josh Donaldson 46.5
35%
New York Mets Starling Marte 37.9
33%
Toronto Blue Jays George Springer 32.7
31%
Washington Nationals Stephen Strasburg 32.3
30%
Texas Rangers Marcus Semien 31.3
27%
Milwaukee Brewers Andrew McCutchen 46.4
26%
Chicago Cubs Jason Heyward 38.7
24%
Atlanta Braves Robinson Cano 68.3
24%
Tampa Bay Rays Corey Kluber 34.7
15%
Chicago White Sox Johnny Cueto 35.4
14%
Los Angeles Dodgers David Price 39.6
12%
Seattle Mariners Justin Upton 32.3
11%
Seattle Mariners Carlos Santana 32.6
10%
Tampa Bay Rays Kevin Kiermaier 31.6
10%
Houston Astros Michael Brantley 34.1
10%
Chicago Cubs Andrelton Simmons 37.1
8%
Oakland A's Elvis Andrus 31.5
6%
No matching quizzes found
Score Distribution
Percent of People with Each Score
Percentile by Number Answered
Your Score History
You have not taken this quiz since the last reset